000 00463nam a2200181Ia 4500
005 20250423095629.0
008 250422s9999 xx 000 0 und d
020 _a0385721404
050 _aD 157 .A76/
100 _aArmstrong, Karen
245 0 _aHoly war : the Crusades and their impact on today’s world
260 _aNew York
260 _bDoubleday
260 _c2001
300 _a628 p
650 _a Crusades. Crusades --Influence.
942 _cBK
999 _c30855
_d30855